000 01700nam0a2200385 4500
001 RU\NLR\bibl\170164
005 20260406151621.0
021 _aRU
_b2001-17320
_9803
035 _a(NLR Aleph) 000166953
090 _a961322
_c961322
100 _a20010619d2000 |||y0rusy50 ca
101 0 _arus
102 _aRU
105 _aa |||||||||
200 1 _aДозиметрическая калибровка гамма-терапевтического аппарата РОКУС-М и клинических дозиметров ЛЯП ОИЯИ
_fР. Вагнер, Б Влчек, В. П. Зорин и др.
210 _aДубна
_cОИЯИ
_d2000
215 _a7 с.
_cил.
_d22
225 1 _aСообщения Объединенного института ядерных исследований
_vР 16-2000-186
606 0 _aГамма-терапия
_xАппараты и приборы
_xДозиметрическая калибровка
_92212039
_3RU\NLR\auth\661328771
610 0 _aГамма-лучи - Дозиметрия
610 0 _aЛучевая терапия - Дозировка
675 _a615.471:615.849
_v3
_zrus
686 _a76.31
_2rugasnti
686 _a53.54
_2rubbk
686 _aР365с5
701 1 _aВагнер
_bР.
_4070
701 1 _aВлчек
_bБ.
_4070
701 1 _aЗорин
_bВ. П.
_4070
711 0 2 _aОбъединенный институт ядерных исследований
_cДубна
_bЛаборатория ядерных проблем
_3RU\NLR\AUTH\889927132
_9349932
801 0 _aRU
_bRKP
_c20010619
_gPSBO
801 1 _aRU
_bRKP
_c20010619
801 2 _aRU
_bNLR
_c20030320
_grcr
942 _cBOOK
980 _aNB